banner koha

Procedimentos higiênico-sánitários para a indústria e inspetores de pescado: recomendações (Registro n. 82125)

MARC details
000 -LÍDER
campo de controle de tamanho fixo 00998nam a22003617a 4500
001 - NÚMERO DE CONTROLE
campo de controle BR2016001765
003 - IDENTIFICADOR DO NÚMERO DE CONTROLE
campo de controle BR-BrBNA
005 - DATA E HORÁRIO DA ÚLTIMA TRANSAÇÃO
campo de controle 20230928104847.0
007 - CAMPO FIXO DE DESCRIÇÃO FÍSICA--INFORMAÇÃO GERAL
campo de controle de tamanho fixo ta
008 - CAMPO DE DADOS FIXOS--INFORMAÇÃO GERAL
campo de controle de tamanho fixo 230509b bl.||||| |||| 00| 0 por d
040 ## - FONTE DA CATALOGAÇÃO
Instituição da catalogação original BR-BrBNA
Idioma da catalogação por
Instituição que transcreveu o registro Biblioteca Nacional de Agricultura
041 ## - CÓDIGO DE IDIOMA
Código do idioma do texto/trilha sonora ou título diferente (Por)
072 ## - CÓDIGO DE CATEGORIA DE ASSUNTO
Código de Categoria de Assunto D50; Q02; Q03
090 ## - NÚMERO DE CHAMADA LOCAL
-- D50 BR2016001765
100 1# - ENTRADA PRINCIPAL--NOME PESSOAL
Nome pessoal Pérez, A.C.A. de
100 1# - ENTRADA PRINCIPAL--NOME PESSOAL
Nome pessoal Avdalov, N.
100 1# - ENTRADA PRINCIPAL--NOME PESSOAL
Nome pessoal Neiva, C.R.P.
100 1# - ENTRADA PRINCIPAL--NOME PESSOAL
Nome pessoal Lemos Neto, M.J.
100 1# - ENTRADA PRINCIPAL--NOME PESSOAL
Nome pessoal Lopes, R. da G.
100 1# - ENTRADA PRINCIPAL--NOME PESSOAL
Nome pessoal Tomita, R.Y.
100 1# - ENTRADA PRINCIPAL--NOME PESSOAL
Nome pessoal Furlan, E.F.
100 1# - ENTRADA PRINCIPAL--NOME PESSOAL
Nome pessoal Machado, T.M.
245 1# - TÍTULO
Título Procedimentos higiênico-sánitários para a indústria e inspetores de pescado: recomendações
260 3# - PUBLICAÇÃO, DISTRIBUIÇÃO, ETC.
Local de publicação, distribuição, etc. Santos, SP (Brasil):
Data da publicação, distribuição, etc. 2007.
300 ## - DESCRIÇÃO FÍSICA
Extensão 48 p.
500 ## - NOTA GERAL
Nota geral 8 ref.
650 ## - ASSUNTO--TERMO TÓPICO
Cabeçalho tópico ou nome geográfico LEGISLAÇÃO
650 ## - ASSUNTO--TERMO TÓPICO
Cabeçalho tópico ou nome geográfico INDÚSTRIA PESQUEIRA
650 ## - ASSUNTO--TERMO TÓPICO
Cabeçalho tópico ou nome geográfico INSPEÇÃO SANITÁRIA
650 ## - ASSUNTO--TERMO TÓPICO
Cabeçalho tópico ou nome geográfico HIGIENE DE ALIMENTO
909 ## -
-- 202309
-- Lucia
-- 55
-- Lucia Elande
942 ## - ELEMENTOS DE ENTRADA ADICIONADOS (KOHA)
Tipo de material Koha Livros
Exemplares
Situação do descarte Fonte da classificação ou esquema de arquivamento na estante Situação física Não pode ser emprestado Coleção Biblioteca de origem Biblioteca atual Total de empréstimos Número de telefone completo Código de barras Data de último acesso Número do exemplar Tipo de material Koha Situação das perdas Data de aquisição Fonte de aquisição
  Classificação AGRIS       Biblioteca Nacional de Agricultura - Binagri Biblioteca Nacional de Agricultura - Binagri   D50 BR2016001765 D50 BR2016001765 25/09/2023 01 Livros   2023-09-25 Portaria Interministerial nº 164/94

BINAGRI

Telefone: (61)3218-2567/2388/3357/2097 - binagri@agro.gov.br

Ministério da Agricultura e Pecuária , Esplanada dos Ministérios, Bloco D, Anexo B, Brasília/DF, CEP: 70.043-900